000 00626nam a2200217 a 4500
001 000009228
005 20200120221852.0
008 990311s1994 ag a gr 000 0 spa d
020 _a9507243917
041 0 _a-spa
082 0 4 _a361.25
_bA38
_221
100 1 _aAguilar Idañez, María José
245 1 3 _aLa acción social a nivel municipal /
_cMaría José Aguilar Idañez.
250 _a1a. ed.
260 _aBuenos Aires :
_bLumen,
_c1994.
300 _a225 p. :
_bil.
490 0 _aColección política, servicios y trabajo social
650 1 4 _aTrabajo social
650 2 4 _aAcción social
650 2 4 _aPolítica social
999 _c629
_d629